<?xml version="1.0" encoding="UTF-8"?>
<record
    xmlns:xsi="http://www.w3.org/2001/XMLSchema-instance"
    xsi:schemaLocation="http://www.loc.gov/MARC21/slim http://www.loc.gov/standards/marcxml/schema/MARC21slim.xsd"
    xmlns="http://www.loc.gov/MARC21/slim">

  <leader>00719 am a2200229 a 4500</leader>
  <controlfield tag="005">20231227075215.0</controlfield>
  <controlfield tag="008">100413s1984||||ag a   f |||| 001 0 spa d</controlfield>
  <datafield tag="020" ind1=" " ind2=" ">
    <subfield code="a">9500603462</subfield>
  </datafield>
  <datafield tag="041" ind1=" " ind2=" ">
    <subfield code="a">spa</subfield>
  </datafield>
  <datafield tag="092" ind1=" " ind2=" ">
    <subfield code="c">618.1</subfield>
    <subfield code="l">10</subfield>
    <subfield code="s">CAL</subfield>
  </datafield>
  <datafield tag="100" ind1="1" ind2=" ">
    <subfield code="a">Calatroni, Carlos J.</subfield>
    <subfield code="9">273</subfield>
  </datafield>
  <datafield tag="245" ind1=" " ind2=" ">
    <subfield code="a">Ginecolog&#xED;a /  </subfield>
    <subfield code="c">Carlos J. Calatroni.</subfield>
  </datafield>
  <datafield tag="250" ind1=" " ind2=" ">
    <subfield code="a">2a ed.</subfield>
  </datafield>
  <datafield tag="260" ind1=" " ind2=" ">
    <subfield code="a">Buenos Aires: </subfield>
    <subfield code="b">Editorial M&#xE9;dica Panamericana;</subfield>
    <subfield code="c">1984.</subfield>
  </datafield>
  <datafield tag="300" ind1=" " ind2=" ">
    <subfield code="a">512 p.</subfield>
  </datafield>
  <datafield tag="500" ind1=" " ind2=" ">
    <subfield code="a">Calatroni, C. J. y  Ru&#xED;z, V. (Col.). (1984). Ginecolog&#xED;a. (2a ed.). Buenos Aires : Editorial M&#xE9;dica Panamericana.</subfield>
  </datafield>
  <datafield tag="590" ind1=" " ind2=" ">
    <subfield code="a">Donaci&#xF3;n Adriana A. Feltri, 2007</subfield>
  </datafield>
  <datafield tag="653" ind1=" " ind2=" ">
    <subfield code="a">Ginecolog&#xED;a</subfield>
  </datafield>
  <datafield tag="700" ind1="1" ind2=" ">
    <subfield code="a">Ru&#xED;z, Vicente.</subfield>
    <subfield code="9">274</subfield>
  </datafield>
  <datafield tag="930" ind1=" " ind2=" ">
    <subfield code="a">1832</subfield>
  </datafield>
  <datafield tag="942" ind1=" " ind2=" ">
    <subfield code="2">ddc</subfield>
    <subfield code="c">BK</subfield>
  </datafield>
  <datafield tag="999" ind1=" " ind2=" ">
    <subfield code="c">251</subfield>
    <subfield code="d">251</subfield>
  </datafield>
  <datafield tag="952" ind1=" " ind2=" ">
    <subfield code="0">0</subfield>
    <subfield code="1">0</subfield>
    <subfield code="2">ddc</subfield>
    <subfield code="4">0</subfield>
    <subfield code="7">0</subfield>
    <subfield code="a">BFM</subfield>
    <subfield code="b">BFM</subfield>
    <subfield code="c">CR</subfield>
    <subfield code="d">2011-09-06</subfield>
    <subfield code="l">1</subfield>
    <subfield code="o">618.1 10 CAL</subfield>
    <subfield code="p">TR138</subfield>
    <subfield code="r">2018-08-23</subfield>
    <subfield code="s">2018-08-21</subfield>
    <subfield code="t">Copia</subfield>
    <subfield code="w">2011-09-06</subfield>
    <subfield code="y">BK</subfield>
    <subfield code="z">Fotocopia</subfield>
  </datafield>
  <datafield tag="952" ind1=" " ind2=" ">
    <subfield code="0">0</subfield>
    <subfield code="1">0</subfield>
    <subfield code="2">ddc</subfield>
    <subfield code="4">0</subfield>
    <subfield code="7">0</subfield>
    <subfield code="a">BFM</subfield>
    <subfield code="b">BFM</subfield>
    <subfield code="c">CR</subfield>
    <subfield code="d">2011-09-07</subfield>
    <subfield code="l">1</subfield>
    <subfield code="o">618.1 10 CAL</subfield>
    <subfield code="p">TR114</subfield>
    <subfield code="r">2014-11-06</subfield>
    <subfield code="s">2014-08-20</subfield>
    <subfield code="t">Copia</subfield>
    <subfield code="w">2011-09-07</subfield>
    <subfield code="y">BK</subfield>
    <subfield code="z">Fotocopia</subfield>
  </datafield>
  <datafield tag="952" ind1=" " ind2=" ">
    <subfield code="0">0</subfield>
    <subfield code="1">0</subfield>
    <subfield code="2">ddc</subfield>
    <subfield code="4">0</subfield>
    <subfield code="7">0</subfield>
    <subfield code="a">BFM</subfield>
    <subfield code="b">BFM</subfield>
    <subfield code="c">CR</subfield>
    <subfield code="d">2011-09-07</subfield>
    <subfield code="l">0</subfield>
    <subfield code="o">618.1 10 CAL</subfield>
    <subfield code="p">TR146</subfield>
    <subfield code="r">2014-11-06</subfield>
    <subfield code="t">Copia</subfield>
    <subfield code="w">2011-09-07</subfield>
    <subfield code="y">BK</subfield>
    <subfield code="z">Fotocopia</subfield>
  </datafield>
  <datafield tag="952" ind1=" " ind2=" ">
    <subfield code="0">0</subfield>
    <subfield code="1">0</subfield>
    <subfield code="2">ddc</subfield>
    <subfield code="4">0</subfield>
    <subfield code="7">0</subfield>
    <subfield code="a">BFM</subfield>
    <subfield code="b">BFM</subfield>
    <subfield code="c">CR</subfield>
    <subfield code="d">2011-09-07</subfield>
    <subfield code="l">1</subfield>
    <subfield code="o">618.1 10 CAL</subfield>
    <subfield code="p">TR154</subfield>
    <subfield code="r">2015-03-19</subfield>
    <subfield code="s">2015-03-19</subfield>
    <subfield code="t">Copia</subfield>
    <subfield code="w">2011-09-07</subfield>
    <subfield code="y">BK</subfield>
    <subfield code="z">Fotocopia</subfield>
  </datafield>
  <datafield tag="952" ind1=" " ind2=" ">
    <subfield code="0">0</subfield>
    <subfield code="1">0</subfield>
    <subfield code="2">ddc</subfield>
    <subfield code="4">0</subfield>
    <subfield code="5">1</subfield>
    <subfield code="7">1</subfield>
    <subfield code="a">BFM</subfield>
    <subfield code="b">BFM</subfield>
    <subfield code="d">2019-04-05</subfield>
    <subfield code="l">0</subfield>
    <subfield code="p">1832</subfield>
    <subfield code="r">2019-04-05</subfield>
    <subfield code="t">Ej. 2</subfield>
    <subfield code="w">2019-04-05</subfield>
    <subfield code="y">BK</subfield>
    <subfield code="z">Baja</subfield>
  </datafield>
</record>
